<?xml version="1.0" encoding="UTF-8"?><?xml-stylesheet type="text/xsl" href="static/style.xsl"?><OAI-PMH xmlns="http://www.openarchives.org/OAI/2.0/" xmlns:xsi="http://www.w3.org/2001/XMLSchema-instance" xsi:schemaLocation="http://www.openarchives.org/OAI/2.0/ http://www.openarchives.org/OAI/2.0/OAI-PMH.xsd"><responseDate>2026-04-17T13:52:01Z</responseDate><request verb="GetRecord" identifier="oai:riubu.ubu.es:10259/11223" metadataPrefix="marc">https://riubu.ubu.es/oai/request</request><GetRecord><record><header><identifier>oai:riubu.ubu.es:10259/11223</identifier><datestamp>2026-01-16T01:05:38Z</datestamp><setSpec>com_10259_6781</setSpec><setSpec>com_10259_5086</setSpec><setSpec>com_10259_2604</setSpec><setSpec>col_10259_6782</setSpec></header><metadata><record xmlns="http://www.loc.gov/MARC21/slim" xmlns:doc="http://www.lyncode.com/xoai" xmlns:xsi="http://www.w3.org/2001/XMLSchema-instance" xmlns:dcterms="http://purl.org/dc/terms/" xsi:schemaLocation="http://www.loc.gov/MARC21/slim http://www.loc.gov/standards/marcxml/schema/MARC21slim.xsd">
<leader>00925njm 22002777a 4500</leader>
<datafield tag="042" ind1=" " ind2=" ">
<subfield code="a">dc</subfield>
</datafield>
<datafield tag="720" ind1=" " ind2=" ">
<subfield code="a">Prieto Álvarez, Tomás</subfield>
<subfield code="e">author</subfield>
</datafield>
<datafield tag="260" ind1=" " ind2=" ">
<subfield code="c">2023-01</subfield>
</datafield>
<datafield tag="520" ind1=" " ind2=" ">
<subfield code="a">Este trabajo pretende aportar luces sobre el conflicto que sacude a la decana de nuestras denominaciones de origen vínicas, Rioja, con ocasión de la pretensión de creación, en su seno, de una nueva denominación que agrupe a los municipios alaveses del territorio riojano. En realidad, se analiza la viabilidad jurídica, tanto de una operación de secesión de una parte del territorio de la denominación, como de la superposición o convivencia de dos denominaciones en el mismo territorio, para el mismo producto vínico.</subfield>
</datafield>
<datafield tag="024" ind2=" " ind1="8">
<subfield code="a">0213-2915</subfield>
</datafield>
<datafield tag="024" ind2=" " ind1="8">
<subfield code="a">https://hdl.handle.net/10259/11223</subfield>
</datafield>
<datafield ind1=" " ind2=" " tag="653">
<subfield code="a">Denominación de origen</subfield>
</datafield>
<datafield ind1=" " ind2=" " tag="653">
<subfield code="a">Vino</subfield>
</datafield>
<datafield ind1=" " ind2=" " tag="653">
<subfield code="a">Rioja</subfield>
</datafield>
<datafield ind1=" " ind2=" " tag="653">
<subfield code="a">Designation of origin</subfield>
</datafield>
<datafield ind1=" " ind2=" " tag="653">
<subfield code="a">Wine</subfield>
</datafield>
<datafield tag="245" ind1="0" ind2="0">
<subfield code="a">Tormenta sobre las denominaciones de origen con ocasión de la "Guerra del vino de Rioja"¿puede crearse una denominación de origen por escisión de otra existente o dentro de su ámbito territorial?</subfield>
</datafield>
</record></metadata></record></GetRecord></OAI-PMH>